Daily Capital City Riddle #34 - Statistics

General Stats
  • This quiz has been taken 68 times
  • The average score is 28 of 31
Answer Stats
Type Answer % Correct
Alphabet Letter A
100%
Alphabet Letter E
100%
Alphabet Letter I
100%
Alphabet Letter M
100%
Found Letter O
100%
Found Letter L
98%
Alphabet Letter N
98%
Alphabet Letter R
98%
Alphabet Letter B
97%
Alphabet Letter D
97%
Alphabet Letter G
97%
Alphabet Letter H
97%
Alphabet Letter W
97%
Alphabet Letter C
95%
Found Letter S
95%
Alphabet Letter T
95%
Alphabet Letter U
93%
Alphabet Letter J
92%
Alphabet Letter K
92%
Alphabet Letter P
90%
Alphabet Letter V
86%
Correctly Placed Letter L
85%
Alphabet Letter Y
85%
Alphabet Letter Z
81%
Alphabet Letter F
78%
Correctly Placed Letter O
78%
Alphabet Letter Q
78%
Alphabet Letter X
78%
Correctly Placed Letter O
76%
Mystery Capital Oslo
76%
Correctly Placed Letter S
76%
No matching quizzes found
Score Distribution
Percent of People with Each Score
Percentile by Number Answered
Your Score History
You have not taken this quiz